Derecho del medio ambiente y administración local / Luis Manuel Alonso González... [et al.] ; coordinado por José Esteve Pardo
ISBN:
84-470-0634-4
Descripción Física:
889 p. ; 25 cm
MARC
| LEADER | 00000nam a2200000Ia 4500 | ||
|---|---|---|---|
| 001 | 17371 | ||
| 008 | 160829s1996 xx 000 0 cat d | ||
| 020 | |a 84-470-0634-4 | ||
| 080 | |a D-3-87 | ||
| 245 | |a Derecho del medio ambiente y administración local / Luis Manuel Alonso González... [et al.] ; coordinado por José Esteve Pardo | ||
| 260 | |a Madrid : |b Civitas : |b Diputació de Barcelona, |c 1996 | ||
| 300 | |a 889 p. ; |c 25 cm | ||
| 590 | |a Bibliografia | ||
| 650 | |a Dret ambiental |x Espanya |9 33023 | ||
| 650 | 0 | |a Administració local |z Espanya |9 37433 | |
| 700 | |a Alonso González, Luis Manuel |9 33024 |e autor | ||
| 700 | |a Esteve Pardo, José |e editor literari |9 179 | ||
| 901 | |a Arxiu | ||
| 942 | |n 1 |2 udc | ||
| 952 | |0 1 |1 0 |2 udc |4 0 |5 2 |6 D387 |7 1 |9 46179 |a Arxiu |b Arxiu |d 2016-12-01 |l 0 |o D-3-87 |p 17371 |r 2016-12-01 00:00:00 |w 2016-12-01 |y ARXIU | ||
| 952 | |0 0 |1 0 |4 0 |6 PDL |7 1 |9 63515 |a Arxiu |b Arxiu |d 2022-08-22 |l 0 |o PDL |p 26526 |r 2022-08-22 00:00:00 |w 2022-08-22 |y ARXIU | ||
| 999 | |c 49681 |d 49681 | ||